000 01304nam#a2200349#a 4500
001 vtls000285763
003 NLI
005 20210602125526.0
008 101203s1997 ii ab 001 0beng
020 _a8186551115 :
_cRs. 250.00
039 9 _y201012031855
_zVLOAD
040 0 _aNLI
_beng
_cEntertech-FY 2010
_eAACR2
041 0 _aengben
044 _aii
082 0 4 _a954
245 0 0 _aAsoka 2300 :
_bJagajjyoti, Asoka commemoration volume, 1997 A.D./2541 B.E /
_cedited by Hemendu Bikash Chowdhury
260 _aCalcutta :
_bBauddha Dharmankur Sabha,
_c1997
300 _a207 p. :
_bill., maps ;
_c24 cm.
500 _aText in English and Bengali
504 _aIncludes bibliographical references and index
600 0 0 _aAsoka,
_cKing of Magadha,
_dfl. 259 B.C
_9270590
651 0 _aIndia
_xKings and rulers
_xBiography
_9202229
651 0 _aIndia
_xHistory
_yMaurya dynasty, ca. 322 B.C.-ca. 185 B.C
_9420270
700 1 _aChowdhury, Hemendu Bikash,
_4edt
_9437488
730 0 2 _aJagajjyoti.
_9437489
887 _a
901 _aDB72621
_b12.3.1998
902 _aE 954 As 57 c
949 _AVIRTUAITEM
_D10000
_X100
_6DBA000072621ENG
942 _2ddc
_cBKS
999 _aVIRTUA40
_c242000
_d242000
999 _aVTLSSORT0080*0200*0400*0410*0440*0820*2450*2600*3000*5000*5040*6000*6510*6511*7000*7300*9010*9020*9490*9991